000
00285nam a2200097Ia 4500
082
_a
T 616.9792 ROBI
245
0
_a
Frequently asked questions about AIDS and HIV
100
_a
ROBINSON, Richard New York, 2009
_9
76383
942
_c
BK
008
210817s9999 xx 000 0 und d
999
_c
253996
_d
253995